000 00561nam a22001817a 4500
008 161013b xxu||||| |||| 00| 0 eng d
020 _a1478604700
040 _aKABU
_cKABU
050 _aMT55
_b.G38 2013 C.1
100 _aGauldin, Robert
245 _aA practical approach to 18th century counterpoint
_cby Robert Gauldin
250 _arevised ed.
260 _aUSA
_bWaveland press
_c2013
300 _axv, 335 p.
650 _21700-1799
650 _2Counterpoint
_vHistory
_y18th century
942 _2lcc
_cBK
_hMT55 .G38 2013 C.1
999 _c16200
_d16200